Geometría descriptiva perspectiva axonométrica

Bibliographic Details
Main Authors: Schaposnik, Viviana, Troiano Fernández, Graciela
Format: Section = Libro
Language:Undetermined
Spanish
Published: Buenos Aires Universidad Nacional de la Plata 1994
Subjects:
LEADER 00536nam a2200181Ia 4500
008 240829s9999 xx 000 0 und d
040 |a BIBLIOTECA-RUSB/ 516.6 S299 
041 |a spa 
082 |a 516.6 S299 
100 1 |a Schaposnik, Viviana  
100 1 |b  Troiano Fernández, Graciela 
245 1 0 |a Geometría descriptiva perspectiva axonométrica 
260 |a Buenos Aires  |b Universidad Nacional de la Plata  |c 1994 
300 |a p. irreg. :il. 
650 7 |a GEOMETRIA DESCRIPTIVA ABSTRACTA 
942 |c BK  |2 ddc 
991 |a TEXTO 
999 |c 1831